<?xml version="1.0" encoding="UTF-8"?><?xml-stylesheet type="text/xsl" href="static/style.xsl"?><OAI-PMH xmlns="http://www.openarchives.org/OAI/2.0/" xmlns:xsi="http://www.w3.org/2001/XMLSchema-instance" xsi:schemaLocation="http://www.openarchives.org/OAI/2.0/ http://www.openarchives.org/OAI/2.0/OAI-PMH.xsd"><responseDate>2026-04-17T12:08:58Z</responseDate><request verb="GetRecord" identifier="oai:www.recercat.cat:10256/14077" metadataPrefix="marc">https://recercat.cat/oai/request</request><GetRecord><record><header><identifier>oai:recercat.cat:10256/14077</identifier><datestamp>2024-06-18T11:53:19Z</datestamp><setSpec>com_2072_452955</setSpec><setSpec>com_2072_2054</setSpec><setSpec>col_2072_452959</setSpec><setSpec>col_2072_453077</setSpec></header><metadata><record xmlns="http://www.loc.gov/MARC21/slim" xmlns:dcterms="http://purl.org/dc/terms/" xmlns:xsi="http://www.w3.org/2001/XMLSchema-instance" xmlns:doc="http://www.lyncode.com/xoai" xsi:schemaLocation="http://www.loc.gov/MARC21/slim http://www.loc.gov/standards/marcxml/schema/MARC21slim.xsd">
   <leader>00925njm 22002777a 4500</leader>
   <datafield ind2=" " ind1=" " tag="042">
      <subfield code="a">dc</subfield>
   </datafield>
   <datafield ind2=" " ind1=" " tag="720">
      <subfield code="a">Casas Ruiz, Joan Pere</subfield>
      <subfield code="e">author</subfield>
   </datafield>
   <datafield ind2=" " ind1=" " tag="720">
      <subfield code="a">Tittel, Jörg</subfield>
      <subfield code="e">author</subfield>
   </datafield>
   <datafield ind2=" " ind1=" " tag="720">
      <subfield code="a">von Schiller, Daniel</subfield>
      <subfield code="e">author</subfield>
   </datafield>
   <datafield ind2=" " ind1=" " tag="720">
      <subfield code="a">Catalán, Núria</subfield>
      <subfield code="e">author</subfield>
   </datafield>
   <datafield ind2=" " ind1=" " tag="720">
      <subfield code="a">Obrador, Biel</subfield>
      <subfield code="e">author</subfield>
   </datafield>
   <datafield ind2=" " ind1=" " tag="720">
      <subfield code="a">Gómez Gener, Lluís</subfield>
      <subfield code="e">author</subfield>
   </datafield>
   <datafield ind2=" " ind1=" " tag="720">
      <subfield code="a">Zwirnmann, Elke</subfield>
      <subfield code="e">author</subfield>
   </datafield>
   <datafield ind2=" " ind1=" " tag="720">
      <subfield code="a">Sabater, Sergi</subfield>
      <subfield code="e">author</subfield>
   </datafield>
   <datafield ind2=" " ind1=" " tag="720">
      <subfield code="a">Marcé Romero, Rafael</subfield>
      <subfield code="e">author</subfield>
   </datafield>
   <datafield ind2=" " ind1=" " tag="260">
      <subfield code="c">info:eu-repo/date/embargoEnd/2026-01-01</subfield>
   </datafield>
   <datafield ind2=" " ind1=" " tag="260">
      <subfield code="c">info:eu-repo/date/embargoEnd/2026-01-01</subfield>
   </datafield>
   <datafield ind2=" " ind1=" " tag="260">
      <subfield code="c">2016-01</subfield>
   </datafield>
   <datafield ind2=" " ind1=" " tag="520">
      <subfield code="a">The composition of dissolved organic matter (DOM) in rivers results from the different sources and in-stream transformations along the land to ocean aquatic continuum. Riverine DOM sources are highly dependent on the hydrological connection between the river channel and the surrounding terrestrial ecosystems, but how the lack of this connectivity (e.g., during drought episodes) affects the sources and biodegradation of DOM in rivers remains unclear. Here we identified the DOM sources as well as the different DOM pools that are respired along a Mediterranean river during drought by combining absorbance-fluorescence spectroscopy, size-exclusion chromatography, biodegradation assays, and stable and radiocarbon isotopes. DOM composition was highly heterogeneous along the river in response to different sources and in-stream processes in each distinct aquatic environment (i.e., isolated water pools, running waters, and impounded waters in weirs). The reduced hydrological connectivity with terrestrial ecosystems promoted the influence of autochthonous DOM sources. Still, tree leaves from overhanging canopies stood out as an important terrestrial DOM source, especially in sites where water residence time was high such as isolated pools and weirs. Degradation of leaf leachates was a relevant process in these sites, whereas autochthonous DOM and groundwater millennial DOM (>1300 year B.P.) seemed to be degraded in running waters. Overall, our results highlight that the drought-induced hydrological disconnection entails a great spatial heterogeneity in the sources of DOM, which at the same time determines the different DOM pools that are respired in each environment along the river</subfield>
   </datafield>
   <datafield ind2=" " ind1=" " tag="520">
      <subfield code="a">This research was funded by the Spanish Ministry of Economy and Competitiveness through the project CARBONET (CGL2011-30474-C02-01). J. P. Casas-Ruiz and Ll. Gómez-Gener were additionally supported by FPI predoctoral grants (BES-2012-059655 and BES-2012-059743), and D. von Schiller by a “Juan de la Cierva” postdoctoral grant (JCI-2010-06397). N. Catalán held a Wenner-Gren foundation stipend (Sweden). Authors also acknowledge the support from the Economy and Knowledge Department of the Catalan Government through Consolidated Research Group (2014 SGR 291)—Catalan Institute for Water Research</subfield>
   </datafield>
   <datafield ind1="8" ind2=" " tag="024">
      <subfield code="a">http://hdl.handle.net/10256/14077</subfield>
   </datafield>
   <datafield tag="653" ind2=" " ind1=" ">
      <subfield code="a">Biogeoquímica</subfield>
   </datafield>
   <datafield tag="653" ind2=" " ind1=" ">
      <subfield code="a">Biogeochemistry</subfield>
   </datafield>
   <datafield tag="653" ind2=" " ind1=" ">
      <subfield code="a">Sequeres</subfield>
   </datafield>
   <datafield tag="653" ind2=" " ind1=" ">
      <subfield code="a">Droughts</subfield>
   </datafield>
   <datafield tag="653" ind2=" " ind1=" ">
      <subfield code="a">Biodegradació</subfield>
   </datafield>
   <datafield tag="653" ind2=" " ind1=" ">
      <subfield code="a">Biodegradation</subfield>
   </datafield>
   <datafield tag="653" ind2=" " ind1=" ">
      <subfield code="a">Ecologia fluvial</subfield>
   </datafield>
   <datafield tag="653" ind2=" " ind1=" ">
      <subfield code="a">Stream ecology</subfield>
   </datafield>
   <datafield ind2="0" ind1="0" tag="245">
      <subfield code="a">Drought-induced discontinuities in the source and degradation of dissolved organic matter in a Mediterranean river</subfield>
   </datafield>
</record></metadata></record></GetRecord></OAI-PMH>